[Event "Olympiad-44"]
[Site "Chennai"]
[Date "2022.08.06"]
[Round "8.1"]
[White "Mlawa, Hemed"]
[Black "Hasford, John Kojo"]
[Result "1/2-1/2"]
[WhiteElo "1896"]
[BlackElo "1976"]
[PlyCount "86"]
[EventDate "2022.07.29"]
[EventType "team-swiss"]
[EventRounds "11"]
[EventCountry "IND"]
[SourceTitle "CBM 210"]
[Source "ChessBase"]
[SourceDate "2022.10.31"]
[SourceVersion "1"]
[SourceVersionDate "2022.10.31"]
[SourceQuality "1"]
[WhiteTeam "Tanzania"]
[BlackTeam "Ghana"]
[WhiteTeamCountry "TAN"]
[BlackTeamCountry "GHA"]

1. d4 Nf6 2. Bf4 g6 3. Nc3 Bg7 4. e4 d6 5. Qd2 Nc6 6. 0-0-0 0-0 7. f3 Nh5 8. Bh6 e5 9. Bxg7 Kxg7 10. dxe5 dxe5 11. Qe3 Nd4 12. Nce2 c5 13. c3 Qc7 14. Kb1 Nxe2 15. Nxe2 Be6 16. g4 Nf4 17. Nxf4 exf4 18. Qc1 h6 19. c4 Qe5 20. b3 Rfd8 21. Be2 Rd4 22. Rxd4 cxd4 23. Qb2 Rd8 24. Bd3 Rd6 25. Rc1 Rc6 26. b4 a6 27. a3 b6 28. b5 axb5 29. cxb5 Rc3 30. Rxc3 dxc3 31. Qb4 Kh7 32. Kc2 h5 33. h3 Qg5 34. Qxc3 Qh4 35. Qd2 Qxh3 36. gxh5 Qxh5 37. Qxf4 Qc5+ 38. Kd2 Qxa3 39. Qh2+ Kg7 40. Qe5+ Kf8 41. Qb8+ Ke7 42. Qc7+ Kf6 43. Qf4+ Kg7 1/2-1/2

[Event "Olympiad-44"]
[Site "Chennai"]
[Date "2022.08.01"]
[Round "4.1"]
[White "Gemy Vargas, Jose Daniel"]
[Black "Hasford, John Kojo"]
[Result "1-0"]
[WhiteElo "2373"]
[BlackElo "1976"]
[PlyCount "87"]
[EventDate "2022.07.29"]
[EventType "team-swiss"]
[EventRounds "11"]
[EventCountry "IND"]
[SourceTitle "CBM 210"]
[Source "ChessBase"]
[SourceDate "2022.10.31"]
[SourceVersion "1"]
[SourceVersionDate "2022.10.31"]
[SourceQuality "1"]
[WhiteTeam "Bolivia"]
[BlackTeam "Ghana"]
[WhiteTeamCountry "BOL"]
[BlackTeamCountry "GHA"]

1. e4 d6 2. d4 g6 3. Be3 Bg7 4. Nc3 Nf6 5. f3 Nc6 6. Nge2 e5 7. Qd2 0-0 8. d5 Ne7 9. 0-0-0 a6 10. Bh6 b5 11. h4 Kh8 12. h5 Bxh6 13. Qxh6 Neg8 14. Qd2 b4 15. Nb1 Nxh5 16. g4 Nf4 17. Nxf4 exf4 18. Qh2 h6 19. Qxf4 Qf6 20. Qxf6+ Nxf6 21. Rxh6+ Kg7 22. Rh1 Bd7 23. c4 a5 24. c5 dxc5 25. Nd2 c6 26. d6 a4 27. e5 Nd5 28. Ne4 Be6 29. Rd2 Rh8 30. Rdh2 Rxh2 31. Rxh2 a3 32. Bc4 axb2+ 33. Kxb2 Nf4 34. Bxe6 Nxe6 35. Rc2 Ra3 36. Nxc5 Nd8 37. Nb3 g5 38. Rc4 Ra4 39. Nc5 Ra5 40. Rc2 Ra3 41. Nb3 Kg6 42. Rc4 Ra4 43. Nd4 Ra5 44. Nxc6 1-0

[Event "Tema op 7th"]
[Site "Tema"]
[Date "2022.01.09"]
[Round "6"]
[White "Hasford, John Kojo"]
[Black "Sosu, Edward"]
[Result "1-0"]
[WhiteElo "1995"]
[BlackElo "1662"]
[PlyCount "47"]
[EventDate "2022.01.07"]
[EventType "swiss"]
[EventRounds "7"]
[EventCountry "GHA"]
[SourceTitle "EXT 2023"]
[Source "ChessBase"]
[SourceDate "2022.10.05"]
[SourceVersion "1"]
[SourceVersionDate "2022.10.05"]
[SourceQuality "1"]

1. d4 d5 2. c4 e6 3. Nc3 Nf6 4. Bg5 Be7 5. e3 0-0 6. Nf3 c5 7. Be2 cxd4 8. exd4 dxc4 9. Bxc4 Nbd7 10. 0-0 Nb6 11. Bb3 Nfd5 12. Bxe7 Nxe7 13. Qd3 Ng6 14. Bc2 Nd5 15. a3 b6 16. Nxd5 Qxd5 17. Ne5 Bb7 18. f3 Rfd8 19. Rad1 Nxe5 20. Qxh7+ Kf8 21. Be4 Qd7 22. Bxb7 Qxb7 23. dxe5 Ke7 24. Qxg7 1-0

[Event "Accra op"]
[Site "Accra"]
[Date "2021.04.03"]
[Round "7"]
[White "Hasford, John Kojo"]
[Black "Ameku, David"]
[Result "1-0"]
[WhiteElo "2000"]
[BlackElo "1770"]
[PlyCount "89"]
[EventDate "2021.04.01"]
[EventType "swiss"]
[EventRounds "9"]
[EventCountry "GHA"]
[SourceTitle "EXT 2022"]
[Source "ChessBase"]
[SourceDate "2021.10.06"]
[SourceVersion "1"]
[SourceVersionDate "2021.10.06"]
[SourceQuality "1"]

1. d4 d5 2. Nf3 Nf6 3. c4 e6 4. Nc3 Be7 5. Bf4 0-0 6. e3 b6 7. Rc1 c5 8. Ne5 dxc4 9. Bxc4 cxd4 10. exd4 Bb7 11. 0-0 Nc6 12. Nxc6 Bxc6 13. Ba6 Qd7 14. Be5 Rfd8 15. Qe2 Nd5 16. Bc4 Rac8 17. Qg4 Nf6 18. Qe2 Nd5 19. Rfd1 Bd6 20. Ba6 Nxc3 21. Rxc3 Bb7 22. Bxd6 Rxc3 23. bxc3 Bxa6 24. Qxa6 Qxd6 25. Qxa7 Qc6 26. Qa3 Rc8 27. Rc1 Qc4 28. h3 g6 29. Qb3 b5 30. Qxc4 Rxc4 31. Kf1 b4 32. Ke2 bxc3 33. Kd3 Ra4 34. Rc2 Kf8 35. Kxc3 Ke7 36. Rd2 Kd6 37. Kb3 Ra5 38. a4 Kc6 39. Kb4 Kb6 40. Re2 Rd5 41. Kc4 Ra5 42. Kb4 Rd5 43. Kc4 Ra5 44. Rb2+ Kc6 45. Rb4 1-0

[Event "Olympiad-43"]
[Site "Batumi"]
[Date "2018.09.25"]
[Round "2.1"]
[White "Hasford, John Kojo"]
[Black "Kojima, Shinya"]
[Result "0-1"]
[WhiteElo "2042"]
[BlackElo "2408"]
[PlyCount "62"]
[EventDate "2018.09.24"]
[EventType "team-swiss"]
[EventRounds "11"]
[EventCountry "GEO"]
[SourceTitle "CBM 187"]
[Source "ChessBase"]
[SourceDate "2018.12.11"]
[SourceVersion "1"]
[SourceVersionDate "2018.12.11"]
[SourceQuality "1"]
[WhiteTeam "Ghana"]
[BlackTeam "Japan"]
[WhiteTeamCountry "GHA"]
[BlackTeamCountry "JPN"]

1. d4 d5 2. Nf3 Nf6 3. c4 c6 4. Nc3 a6 5. cxd5 cxd5 6. e3 Nc6 7. Bd3 Bg4 8. Be2 e6 9. h3 Bh5 10. 0-0 Bd6 11. a3 Rc8 12. Bd2 0-0 13. Ng5 Bg6 14. f4 Na5 15. b3 Qe7 16. b4 Nc4 17. Bxc4 Rxc4 18. Qa4 Rfc8 19. Rfc1 Nd7 20. Nf3 Nb6 21. Qd1 h6 22. Ne5 Bxe5 23. fxe5 R4c7 24. Na4 Nxa4 25. Qxa4 Rc2 26. Rxc2 Rxc2 27. Rd1 Be4 28. g3 Qg5 29. g4 Rxd2 30. Rxd2 Qxe3+ 31. Kf1 Qxd2 0-1

[Event "GHA-ch"]
[Site "Accra"]
[Date "2017.12.26"]
[Round "1"]
[White "Hasford, John Kojo"]
[Black "Arko Dadzie, George Kweku"]
[Result "1-0"]
[WhiteElo "2021"]
[BlackElo "1571"]
[PlyCount "41"]
[EventDate "2017.12.26"]
[EventType "tourn"]
[EventRounds "9"]
[EventCountry "GHA"]
[SourceTitle "EXT 2019"]
[Source "ChessBase"]
[SourceDate "2018.10.10"]
[SourceVersion "1"]
[SourceVersionDate "2018.10.10"]
[SourceQuality "1"]

1. e4 c5 2. Nf3 d6 3. g3 Nc6 4. Bg2 Nf6 5. d3 e5 6. 0-0 Be7 7. Nbd2 0-0 8. Nc4 b5 9. Ne3 Be6 10. Ng5 h6 11. Nxe6 fxe6 12. Bh3 Kf7 13. Ng4 Rh8 14. f4 h5 15. Ne3 Qg8 16. f5 exf5 17. Nxf5 g6 18. Nxe7 Nxe7 19. Bg5 Rf8 20. c4 b4 21. Qa4 1-0

[Event "Dreamfort Strongbow op 2nd"]
[Site "Dreamfort"]
[Date "2017.07.29"]
[Round "3"]
[White "Hasford, John Kojo"]
[Black "Anhwere, Benard"]
[Result "1-0"]
[WhiteElo "2020"]
[BlackElo "1838"]
[PlyCount "95"]
[EventDate "2017.07.28"]
[EventType "swiss"]
[EventRounds "7"]
[EventCountry "GHA"]
[SourceTitle "EXT 2018"]
[Source "ChessBase"]
[SourceDate "2017.10.13"]
[SourceVersion "1"]
[SourceVersionDate "2017.10.13"]
[SourceQuality "1"]

1. d4 d5 2. c4 e6 3. Nf3 Nf6 4. Nc3 c6 5. Bg5 Bb4 6. a3 Bxc3+ 7. bxc3 Qa5 8. Bxf6 Qxc3+ 9. Nd2 gxf6 10. e3 Nd7 11. Be2 0-0 12. 0-0 e5 13. cxd5 cxd5 14. Nf3 Rd8 15. Bb5 e4 16. Nh4 Nf8 17. Qh5 Ng6 18. Nf5 Bxf5 19. Qxf5 Qc8 20. Qxf6 Rf8 21. Rac1 Qd8 22. Qxd8 Rfxd8 23. Rc7 a6 24. Bd7 Rab8 25. f3 b5 26. fxe4 dxe4 27. Bc6 Rf8 28. Bxe4 Rfe8 29. Bxg6 hxg6 30. Kf2 Re6 31. Rfc1 Rbe8 32. R1c3 Kg7 33. d5 Rd6 34. Rd3 Re5 35. Rc5 f5 36. g3 Kf6 37. h4 Re4 38. Kf3 Ke5 39. Rc8 Rc4 40. Rxc4 bxc4 41. Rd4 Rxd5 42. Rxc4 Rd6 43. a4 Kf6 44. a5 g5 45. Rb4 gxh4 46. gxh4 Rd7 47. Rb6+ Ke5 48. Rxa6 1-0

[Event "GHA-ch"]
[Site "Accra"]
[Date "2016.12.20"]
[Round "8"]
[White "Hasford, John Kojo"]
[Black "Amexo, Ambrose"]
[Result "1-0"]
[WhiteElo "2001"]
[BlackElo "1750"]
[PlyCount "36"]
[EventDate "2016.12.17"]
[EventType "tourn"]
[EventRounds "9"]
[EventCountry "GHA"]
[SourceTitle "CBM 176 Extra"]
[Source "ChessBase"]
[SourceDate "2017.03.02"]
[SourceVersion "1"]
[SourceVersionDate "2017.03.02"]
[SourceQuality "1"]

1. d4 Nf6 2. c4 g6 3. Nc3 Bg7 4. Bf4 0-0 5. e3 d6 6. Be2 Nbd7 7. Nf3 Re8 8. 0-0 Nh5 9. Bg5 c6 10. Qb3 h6 11. Bh4 e5 12. Bxd8 Rxd8 13. Rad1 exd4 14. Nxd4 c5 15. Ndb5 Ne5 16. Rxd6 Rxd6 17. Nxd6 Be6 18. f4 Nc6 1-0

[Event "Olympiad-42"]
[Site "Baku"]
[Date "2016.09.12"]
[Round "10.2"]
[White "Mwanyika, Geoffrey"]
[Black "Hasford, John Kojo"]
[Result "0-1"]
[WhiteElo "1850"]
[BlackElo "1970"]
[PlyCount "84"]
[EventDate "2016.09.02"]
[EventType "team-swiss"]
[EventRounds "11"]
[EventCountry "AZE"]
[SourceTitle "CBM 175"]
[Source "ChessBase"]
[SourceDate "2016.11.10"]
[SourceVersion "1"]
[SourceVersionDate "2016.11.10"]
[SourceQuality "1"]
[WhiteTeam "Tanzania"]
[BlackTeam "Ghana"]
[WhiteTeamCountry "TAN"]
[BlackTeamCountry "GHA"]

1. f4 Nf6 2. Nf3 g6 3. b3 Bg7 4. Bb2 0-0 5. e3 d6 6. h3 Nc6 7. d3 Re8 8. Be2 e5 9. 0-0 exf4 10. exf4 Qe7 11. Rf2 a6 12. Bf1 Bd7 13. Nbd2 Qe3 14. g3 b5 15. Qe1 Qb6 16. Qd1 Ng4 17. hxg4 Bxb2 18. Rb1 Bg7 19. g5 Bg4 20. Bg2 Nd4 21. Kf1 Nf5 22. Ne4 Ne3+ 23. Kg1 Nxd1 24. Rxd1 d5 25. Nf6+ Bxf6 26. gxf6 Re2 27. d4 Rxf2 28. Kxf2 c5 29. c3 b4 30. Rh1 Bxf3 31. Bxf3 cxd4 32. cxb4 d3+ 33. Kg2 Rc8 34. Re1 d2 35. Re7 Qxf6 36. Rd7 Qe6 37. Ra7 Rc3 38. Ra8+ Kg7 39. Rd8 Rxf3 40. Kxf3 d1Q+ 41. Kg2 Qee2+ 42. Kh3 Qh1# 0-1

[Event "Olympiad-42"]
[Site "Baku"]
[Date "2016.09.04"]
[Round "3.1"]
[White "Hasford, John Kojo"]
[Black "Michaelides, Konstantinos"]
[Result "1/2-1/2"]
[WhiteElo "1970"]
[BlackElo "2060"]
[PlyCount "106"]
[EventDate "2016.09.02"]
[EventType "team-swiss"]
[EventRounds "11"]
[EventCountry "AZE"]
[SourceTitle "CBM 175"]
[Source "ChessBase"]
[SourceDate "2016.11.10"]
[SourceVersion "1"]
[SourceVersionDate "2016.11.10"]
[SourceQuality "1"]
[WhiteTeam "Ghana"]
[BlackTeam "Cyprus"]
[WhiteTeamCountry "GHA"]
[BlackTeamCountry "CYP"]

1. d4 Nf6 2. Nf3 e6 3. c4 Bb4+ 4. Nc3 0-0 5. Bd2 d5 6. e3 c5 7. a3 Bxc3 8. Bxc3 Ne4 9. Qc2 Nxc3 10. Qxc3 cxd4 11. exd4 Nc6 12. Be2 Ne7 13. 0-0 Ng6 14. Rfe1 dxc4 15. Bxc4 b6 16. Bd3 Bb7 17. Be4 Bxe4 18. Rxe4 Qd5 19. Qe3 Rac8 20. Ne5 Rc2 21. Nd3 a5 22. Re1 Rd8 23. g3 h5 24. h4 Rc4 25. Ne5 Nxe5 26. dxe5 Rxe4 27. Qxe4 Qb3 28. Qe2 g6 29. Rc1 Rd4 30. Qc2 Qd5 31. Qc7 Kg7 32. Qxb6 Qxe5 33. b4 axb4 34. axb4 Rd3 35. Qc5 Qxc5 36. bxc5 Rd7 37. Kg2 e5 38. Kf3 f5 39. Rb1 Rd3+ 40. Ke2 Rc3 41. Rb7+ Kf6 42. Rb6+ Kf7 43. c6 Ke6 44. c7+ Kd5 45. Rxg6 Rxc7 46. Rg5 Ke4 47. f3+ Kd4 48. Rxf5 Rc2+ 49. Kf1 Ke3 50. Kg1 Ra2 51. g4 hxg4 52. fxg4 Ra4 53. Rxe5+ Kf3 1/2-1/2

[Event "Olympiad-41"]
[Site "Tromsoe"]
[Date "2014.08.09"]
[Round "7.1"]
[White "Hasford, John Kojo"]
[Black "Nanjo, Ryosuke"]
[Result "0-1"]
[WhiteElo "2055"]
[BlackElo "2344"]
[PlyCount "86"]
[EventDate "2014.08.02"]
[EventType "team-swiss"]
[EventRounds "11"]
[EventCountry "NOR"]
[SourceTitle "CBM 162"]
[Source "ChessBase"]
[SourceDate "2014.09.17"]
[SourceVersion "1"]
[SourceVersionDate "2014.09.17"]
[SourceQuality "1"]
[WhiteTeam "Ghana"]
[BlackTeam "Japan"]
[WhiteTeamCountry "GHA"]
[BlackTeamCountry "JPN"]

1. d4 e6 2. g3 f5 3. Bg2 Nf6 4. c4 Be7 5. Nc3 0-0 6. Nh3 d6 7. Qb3 Nc6 8. d5 Na5 9. Qa4 b6 10. dxe6 Bxe6 11. Nd5 c6 12. Nhf4 Bf7 13. Ne3 Qc8 14. Qc2 g6 15. b4 Nb7 16. Qa4 g5 17. Nh3 Ne4 18. Bb2 d5 19. cxd5 cxd5 20. Rc1 Qe6 21. 0-0 Nbd6 22. Rfd1 Nc4 23. Nxc4 dxc4 24. Qa3 Bg6 25. f3 a5 26. fxe4 axb4 27. Qe3 c3 28. Bxc3 bxc3 29. Qxc3 fxe4 30. Qc4 Qxc4 31. Rxc4 Rxa2 32. Bxe4 Bf7 33. Rc7 Bc5+ 34. Kh1 h6 35. Rdd7 Rxe2 36. Rxf7 Rxf7 37. Bd5 Ree7 38. Rc6 g4 39. Rg6+ Kh7 40. Bxf7 gxh3 41. Re6 Rxf7 42. Re1 Re7 43. Rf1 Bf2 0-1

[Event "Olympiad-41"]
[Site "Tromsoe"]
[Date "2014.08.02"]
[Round "1.1"]
[White "Hasford, John Kojo"]
[Black "Matamoros Franco, Carlos S"]
[Result "0-1"]
[WhiteElo "2055"]
[BlackElo "2525"]
[PlyCount "72"]
[EventDate "2014.08.02"]
[EventType "team-swiss"]
[EventRounds "11"]
[EventCountry "NOR"]
[SourceTitle "CBM 162"]
[Source "ChessBase"]
[SourceDate "2014.09.17"]
[SourceVersion "1"]
[SourceVersionDate "2014.09.17"]
[SourceQuality "1"]
[WhiteTeam "Ghana"]
[BlackTeam "Ecuador"]
[WhiteTeamCountry "GHA"]
[BlackTeamCountry "ECU"]

1. d4 Nf6 2. Nf3 g6 3. c4 Bg7 4. Nc3 0-0 5. Bg5 c5 6. d5 d6 7. e4 h6 8. Bd2 e6 9. Bd3 exd5 10. cxd5 Bg4 11. h3 Bxf3 12. Qxf3 Nbd7 13. 0-0 a6 14. Bf4 Qb6 15. Rac1 Nh5 16. Na4 Qa5 17. Nc3 Nxf4 18. Qxf4 Ne5 19. Bb1 b5 20. b3 c4 21. Qe3 Rac8 22. Ne2 Nd3 23. Bxd3 cxd3 24. Qxd3 Qxa2 25. Rc6 Qa3 26. Rfc1 Rce8 27. f4 Qb4 28. Ng3 a5 29. Kh1 a4 30. bxa4 bxa4 31. Rb1 Bb2 32. e5 a3 33. Rxd6 Qxf4 34. Rxg6+ fxg6 35. Qxg6+ Kh8 36. Rf1 Qg5 0-1

[Event "Accra President's Cup 4th"]
[Site "Accra"]
[Date "2014.07.01"]
[Round "9"]
[White "Fawole, John Oyeyemi"]
[Black "Hasford, John Kojo"]
[Result "1-0"]
[WhiteElo "2207"]
[BlackElo "2078"]
[PlyCount "71"]
[EventDate "2014.06.27"]
[EventType "swiss"]
[EventRounds "9"]
[EventCountry "GHA"]
[SourceTitle "EXT 2018"]
[Source "ChessBase"]
[SourceDate "2017.10.13"]
[SourceVersion "1"]
[SourceVersionDate "2017.10.13"]
[SourceQuality "1"]

1. d4 d5 2. Nf3 Nf6 3. c4 c6 4. Nbd2 e6 5. g3 Be7 6. Bg2 0-0 7. 0-0 Nbd7 8. Qc2 b6 9. e4 dxe4 10. Nxe4 Bb7 11. Rd1 Nxe4 12. Qxe4 Nf6 13. Qe2 Qc8 14. Bf4 Re8 15. Ne5 Bf8 16. Bg5 Nd7 17. Nxd7 Qxd7 18. Rd3 Be7 19. Be3 Rac8 20. Rad1 Bf6 21. Bf4 Qe7 22. Be5 Rcd8 23. b3 Rd7 24. h4 Red8 25. Be4 g6 26. h5 Bxe5 27. dxe5 Kg7 28. h6+ Kf8 29. Rxd7 Rxd7 30. Rxd7 Qxd7 31. Qf3 Qd2 32. Qf6 Ke8 33. Qh8+ Ke7 34. Bf3 Qxh6 35. Qb8 Bc8 36. Qd6+ 1-0